| 000 | 00000nam##2200000za#4500 |
| 001 | 9.606838 |
| 003 | CaOODSP |
| 005 | 20250129103524 |
| 007 | cr ||||||||||| |
| 008 | 150406|2005||||xxc|||||o f|0| 0 fre|d |
| 040 | |aCaOODSP|bfre |
| 043 | |an-cn--- |
| 086 | 1 |aEn57-41/6-2005F-PDF |
| 110 | 2 |aService météorologique du Canada. |
| 245 | 10|aBiométéorologie et adaptation : |h[ressource électronique]|bun aperçu / |c[par] Don MacIver, Heather Auld, Natty Urquizo, et Marianne Karsh. |
| 260 | |aToronto - Ontario : |bEnvironnement Canada. |c2005. |
| 300 | |a25p.|bfigure, références, tableaux |
| 490 | 1 |aPapier occasionnel|v6 |
| 590 | |a14-08-Supp|b2014-04-10 |
| 775 | 08|tBiometeorology and adaptation : |w(CaOODSP)9.573359 |
| 830 | #0|aPapier occasionnel ;|v6|w(CaOODSP)9.504138 |
| 856 | 40|ahttp://publications.gc.ca|qPDF|s333 Ko|uhttps://publications.gc.ca/collections/collection_2014/ec/En57-41-6-2005-fra.pdf|y6 |